000
00267nam a2200109Ia 4500
008
200302s9999 xx 000 0 und d
100
_a
Alec Clifton -Taylor
245
_a
The Cathedrals of England
260
_b
Thames and Hudson Ltd.
260
_c
1967
300
_a
288 P.,
999
_c
149
_d
149